000 00319pam a2200121a 44500
008 230405s1991 xxu||||| |||| 00| 0 eng d
041 _aENG
100 _aGulati R.R
245 _aModern television practice(principles technology and servicing)
260 _a
_bWiley Estern Ltd
_c1991
300 _a673
906 _a1130
999 _c292473
_d292473